00605 2200205 4500001002100000005001500021035002000036007000300056008004100059020002100100082000800121084001400129100002400143245009300167260004500260300004700305650001200352700001900364990001600383INLIS00000000000002420220513094618 a0010-0522000006ta220513 b 0 ind  a978-62-01-1858-1 a372 a372 PRI s0 aPrihatnita Ekandini1 aSelalu Berhemat Energi 4B :bTematik Terpadu untuk SD/MI Kelas IV /cPrihatnita Ekandini aBandung :bGrafindo Media Pratama,c2017 a122 halaman :bilustrasi berwarna ;c25 cm 4aTematik0 aMomon Sulaeman a00000000022